Cities in New York By Tallest Building - Statistics

General Stats
  • This quiz has been taken 17 times
  • The average score is 8 of 13
Answer Stats
Height City Building Name Built % Correct
1776' New York One World Trade Center 2014
100%
589' Albany Erastus Corning Tower 1973
93%
529' Buffalo Seneca One Tower 1972
93%
313' Syracuse State Tower Building 1928
73%
443' Rochester Xerox Tower 1968
67%
227' Utica ___ State Office Building 1972
60%
301' Yonkers Hudson 44 2025
60%
484' White Plains Ritz-Carlton Westchester 2008
53%
166' Ithaca Bradford Hall 1969
47%
435' New Rochelle Trump Plaza NR 2007
47%
220' Binghamton Government Plaza 1972
33%
358' Niagara Falls Seneca Casino Tower 2005
33%
123' Elmira Chemung Canal Building 1971
20%
No matching quizzes found
Score Distribution
Percent of People with Each Score
Percentile by Number Answered
Your Score History
You have not taken this quiz